000 00562nmm a2200169Ia 4500
008 251105s9999||||xx |||||||||||||||||und||
020 _a9788484894391
041 _aspa
100 _aZajícová, Lenka
245 0 _aEl bilingüismo paraguayo :
_b Usos y actitudes hacia el guaraní y el castellano
264 _a[Madrid, España] :
_bIberoamericana Vervuert,
_c2009
300 _a328 páginas
490 _aLengua y sociedad en el mundo hispánico
650 _aHistory of language
856 _uhttps://public.digitaliapublishing.com/a/21039
942 _cCF
999 _c86617
_d86617